PERIBAHASA BERTEMAKAN ALAM : (Record no. 203609)

MARC details
000 -LEADER
fixed length control field 00904nam a2200277 i 4500
005 - DATE AND TIME OF LATEST TRANSACTION
control field 20260408165441.0
008 - FIXED-LENGTH DATA ELEMENTS--GENERAL INFORMATION
fixed length control field 260331t20252025my jr o000 0dmay d
020 ## - INTERNATIONAL STANDARD BOOK NUMBER
International Standard Book Number 9789834948498
Terms of availability RM11.00
Qualifying information paperback
040 ## - CATALOGING SOURCE
Original cataloging agency PPAK
Language of cataloging eng
Transcribing agency PPAK
Description conventions rda
041 0# - LANGUAGE CODE
Language code of text/sound track or separate title may
-- chi
082 04 - DEWEY DECIMAL CLASSIFICATION NUMBER
Edition number 23
Classification number 398.99923
090 00 - LOCALLY ASSIGNED LC-TYPE CALL NUMBER (OCLC); LOCAL CALL NUMBER (RLIN)
Classification number (OCLC) (R) ; Classification number, CALL (RLIN) (NR) 398.99923
Feature heading NGT
Feature heading K
100 0# - MAIN ENTRY--PERSONAL NAME
Personal name Ng, Tzu Yaing,
Dates associated with a name 1985-
Relator term author.
245 10 - TITLE STATEMENT
Title PERIBAHASA BERTEMAKAN ALAM :
Remainder of title BAHASA MELAYU - BAHASA CINA /
Statement of responsibility, etc. NG TZU YAING
264 #1 - PRODUCTION, PUBLICATION, DISTRIBUTION, MANUFACTURE, AND COPYRIGHT NOTICE
Place of production, publication, distribution, manufacture Kuala Lumpur :
Name of producer, publisher, distributor, manufacturer Dewan Bahasa dan Pustaka,
Date of production, publication, distribution, manufacture, or copyright notice 2025
Date of production, publication, distribution, manufacture, or copyright notice ©2025
300 ## - PHYSICAL DESCRIPTION
Extent vii, 40 pages ;
Dimensions 23 cm
336 ## - CONTENT TYPE
Content type term text
Source rdacontent
337 ## - MEDIA TYPE
Media type term unmediated
Source rdamedia
338 ## - CARRIER TYPE
Carrier type term volume
Source rdacarrier
546 ## - LANGUAGE NOTE
Language note Text parallel in Malay and Mandarin.
650 10 - SUBJECT ADDED ENTRY--TOPICAL TERM
Topical term or geographic name entry element Proverbs, Malay
Topical term or geographic name entry element Proverbs, Chinese
Topical term or geographic name entry element Government publications
Geographic subdivision Malaysia
942 ## - ADDED ENTRY ELEMENTS (KOHA)
Source of classification or shelving scheme Dewey Decimal Classification
Koha item type Book
Holdings
Withdrawn Not for loan Current library Shelving location Date acquired Total Checkouts Full call number Barcode Date last seen Koha item type
    Perpustakaan Alor Setar Pinjaman Kanak-kanak 12/04/2026   K 398.99923 NGT A01902676 12/04/2026 Book
    Perpustakaan Awam Sungai Petani Pinjaman Kanak-kanak 12/04/2026   K 398.99923 NGT A01902677 12/04/2026 Book
    Perpustakaan Baling Pinjaman Kanak-kanak 12/04/2026   K 398.99923 NGT A01902681 12/04/2026 Book
    Perpustakaan Bandar Baharu Pinjaman Kanak-kanak 12/04/2026   K 398.99923 NGT A01902682 12/04/2026 Book
    Perpustakaan Jitra Pinjaman Kanak-kanak 12/04/2026   K 398.99923 NGT A01902678 12/04/2026 Book
    Perpustakaan Kuala Nerang Pinjaman Kanak-kanak 12/04/2026   K 398.99923 NGT A01902686 12/04/2026 Book
    Perpustakaan Kulim Pinjaman Kanak-kanak 12/04/2026   K 398.99923 NGT A01902680 12/04/2026 Book
    Perpustakaan Langkawi Pinjaman Kanak-kanak 12/04/2026   K 398.99923 NGT A01902679 12/04/2026 Book
    Perpustakaan Merbok Pinjaman Kanak-kanak 12/04/2026   K 398.99923 NGT A01902683 12/04/2026 Book
    Perpustakaan Pendang Pinjaman Kanak-kanak 12/04/2026   K 398.99923 NGT A01902687 12/04/2026 Book
    Perpustakaan Sik Pinjaman Kanak-kanak 12/04/2026   K 398.99923 NGT A01902685 12/04/2026 Book
    Perpustakaan Yan Pinjaman Kanak-kanak 12/04/2026   K 398.99923 NGT A01902684 12/04/2026 Book